[Event "47th GER-ch Blitz 2020"]
[Site "Magdeburg"]
[Date "2020.08.15"]
[Round "11.2"]
[White "Baskin, Robert"]
[Black "Braun, Georg"]
[Result "1/2-1/2"]
[WhiteElo "2390"]
[BlackElo "2360"]
[Annotator "TA"]
[PlyCount "130"]
[EventDate "2020.07.28"]
[EventType "tourn"]
[EventCountry "GER"]
[SourceTitle "playchess.com"]
[Source "ChessBase"]
[SourceQuality "1"]

{[%evp 10,130,21,7,20,19,41,41,38,37,47,20,14,14,22,14,25,26,42,29,44,44,43,51,61,43,50,40,58,51,59,45,45,33,47,31,47,29,52,29,30,29,29,23,25,16,23,23,23,19,14,7,16,0,0,-1,0,-8,12,12,12,12,12,0,0,0,0,0,0,0,0,-62,-41,-43,-41,-215,0,-222,-208,-237,-239,-223,-171,-177,-137,-131,-112,-106,-109,-166,-168,-189,-110,-161,-91,-560,-91,-91,-91,-91,-91,-91,-91,-91,-91,-103,-79,-92,-91,-91,-91,-91,-91,-91,-91,-91,-91,-91,-91,-111,-115,-510,-494]} 1. e4 c6 2. Nc3 d5 3. Nf3 Bg4 4. h3 Bxf3 5. Qxf3 e6 6. Be2 Nf6 {B11: Caro-Kann: Two Knights Variation.} 7. O-O dxe4 8. Nxe4 Nxe4 {White is slightly better.} 9. Qxe4 Qd5 10. Bf3 (10. Qa4 {is more complex.} Nd7 11. Bf3 Nb6 12. Qb3 Qxb3 13. axb3 Bd6 14. d4) 10... Qxe4 11. Bxe4 Nd7 12. d4 O-O-O 13. c3 {[#]} Bd6 $146 ({Predecessor:} 13... Nf6 14. Bf3 Bd6 15. Rd1 e5 16. dxe5 Bxe5 17. Be3 a6 18. Kf1 Bc7 {1-0 (38) Kudrin,S (2495)-Miyasaka,M (2192) New York 2015}) 14. Bd2 Kb8 15. Rad1 Bc7 16. Bc1 h6 17. h4 Nf6 18. Bf3 Rd7 19. g3 Rhd8 20. Rfe1 a5 21. a4 Nd5 22. Kg2 Bd6 23. Rd3 Be7 24. Bh5 g6 25. Bf3 h5 26. Red1 Bf6 27. Be2 Ka7 28. Rf3 {[#] c4 is the strong threat.} Bg7 29. Bg5 Rh8 30. Bd3 (30. Bd2 {feels hotter.} Kb8 31. Rd3 Ka7 32. Rb1 Bh6 33. Be1) 30... Bh6 31. Bxh6 Rxh6 32. Re1 Kb6 33. Re5 Rh7 34. Be2 Ne7 35. Re4 Kc7 36. Bc4 Nf5 {Threatens to win with ...Nd6.} 37. Ref4 b6 38. Bd3 Nd6 39. Re3 Rh8 40. f3 (40. Re1 $11) 40... Kd8 41. Kh3 Ke7 42. Re5 $2 ({Better is} 42. Bc2 $15) 42... Ne8 $2 (42... f6 $19 43. Re2 g5 44. hxg5 fxg5) 43. b4 $2 (43. Rfe4 $11 {and White has nothing to worry.}) 43... axb4 $19 44. cxb4 Nf6 45. Bc4 Ra8 46. a5 bxa5 47. Rxa5 Rb8 48. b5 cxb5 49. Bxb5 (49. Rxb5 $17 Rxb5 50. Bxb5) 49... Rc7 {And now ...Nd5 would win.} 50. Bd3 Rb4 (50... Rb3 $19 51. Ba6 Rcc3) 51. Ra3 {[#]} (51. Rc5 $17 Ra7 52. Rb5 Rxb5 53. Bxb5) 51... Rd7 ({Black should play} 51... Rb2 $1 $19 {aiming for ...Rd2.} 52. Ra1 Nd5) 52. Rc3 $2 {[%mdl 8192]} (52. Be4 $17) 52... Rbxd4 $2 (52... Nd5 $19 53. Rc4 Nxf4+ 54. gxf4 Rxc4 55. Bxc4 Rxd4 {[%mdl 64] Double Attack}) 53. Rxd4 $17 Rxd4 $19 {[%mdl 4096] Endgame KRB-KRN} 54. Kg2 Rd7 55. Kf2 Nd5 56. Rb3 Ra7 57. Be4 Nf6 58. Bd3 Kd6 59. Rb6+ Kc5 60. Rb3 Kd4 61. Be2 Nd5 62. Rd3+ Ke5 63. f4+ Ke4 64. Rb3 Ra2 {Hoping for ...Rc2.} 65. Rd3 $2 {[%mdl 8192]} (65. Ke1 $17 {was the crucial defense.}) 65... Rc2 {[%mdl 32768] Accuracy: White = 75%, Black = 85%. . An unexpected result.} 1/2-1/2

[Event "47th GER-ch Blitz 2020"]
[Site "Magdeburg"]
[Date "2020.08.15"]
[Round "11.3"]
[White "Barzen, Pascal"]
[Black "Siebrecht, Sebastian"]
[Result "1/2-1/2"]
[WhiteElo "2321"]
[BlackElo "2429"]
[Annotator "TA"]
[PlyCount "130"]
[EventDate "2020.07.28"]
[EventType "tourn"]
[EventCountry "GER"]
[SourceTitle "playchess.com"]
[Source "ChessBase"]
[SourceQuality "1"]

{[%evp 12,130,-19,-24,-7,3,4,0,8,0,8,0,0,-4,16,0,80,58,54,15,29,38,28,22,34,26,43,34,74,91,75,61,61,61,66,-259,-254,-254,-256,-237,-239,-302,-233,-213,-200,-300,-300,-299,-212,-253,-243,-297,-287,-287,-287,-287,-284,-282,-282,-284,-284,-284,-284,-284,-256,-284,-256,-284,-284,-287,-274,-273,-272,-260,-250,-250,-250,-231,-160,-160,-160,-160,-160,-160,-160,-233,-21,-21,-21,-125,0,-160,0,0,0,0,5,0,0,-8,0,0,0,0,0,0,0,0,0,0,0,-8,8,8,8,8,300,-13,-12,-12,0]} 1. e4 c5 2. Nc3 e6 3. g3 Nc6 4. Bg2 g6 5. d3 Bg7 6. f4 Nge7 7. Be3 d5 {...d4 is the strong threat. B24: Closed Sicilian: 3 g3 sidelines.} 8. Bxc5 {[#]} Bxc3+ $146 ({Predecessor:} 8... d4 9. Bxe7 Qxe7 10. Nb1 Qb4+ 11. Nd2 Qxb2 12. Rb1 Qa3 13. Ne2 O-O 14. e5 Qxa2 15. Nc4 {1-0 (46) Styazhkina,A (2107)-Zaksaite,S (2223) Palanga 2012}) 9. bxc3 Qa5 10. Be3 Qxc3+ 11. Bd2 Qc5 12. e5 Nf5 13. c3 d4 (13... b6 $11 {remains equal.}) 14. Rc1 $36 {[%mdl 2048] White is pushing.} O-O 15. Nf3 dxc3 16. Rxc3 Qb6 17. Rb3 Qc5 18. Qc1 Qxc1+ 19. Bxc1 Nfd4 20. Nxd4 Nxd4 21. Rc3 Bd7 22. Bxb7 Rab8 23. Rc7 $2 {[%mdl 8192] [#]} (23. Bg2 $14 {stays ahead.}) 23... Rxb7 $1 $19 {[%mdl 576] Remove Defender, Deflection} 24. Rxb7 Bc6 $1 {[%csl LRb7,LRh1][%mdl 64] Double Attack} 25. Rxa7 Bxh1 26. a4 Ra8 27. Rxa8+ Bxa8 28. h4 (28. Be3 $142 Nf3+ 29. Kd1) 28... h5 29. Bb2 Nc6 30. Kd2 Kf8 31. Kc3 Ke8 32. Kc4 Kd7 33. Kc5 Kc7 34. Bc3 Bb7 35. Bd2 Ba6 36. d4 Be2 37. Bc3 Bd1 38. a5 Be2 39. d5 exd5 40. Kxd5 Ne7+ 41. Kc5 Nf5 42. Be1 Kb7 43. Kd5 Bf3+ 44. Kc5 Ka6 45. Kb4 Ne7 46. Kc5 Nc6 47. Kd6 Nd4 48. Bf2 (48. Kc5 $17 {keeps fighting.} Nb3+ 49. Kd6) 48... Nb5+ $2 (48... Nf5+ $19 49. Kd7 Kxa5) 49. Ke7 $11 Bd5 50. Kf6 (50. f5 $11 gxf5 51. Kf6) 50... Be6 (50... Nc3 $17 51. Ke7 Kxa5) 51. Be1 $2 (51. f5 $1 $11 Bxf5 52. Kxf7) 51... Na3 $2 {[#]} (51... Nd4 $17 52. Bc3 Nf5) 52. f5 $1 {[%mdl 512]} gxf5 (52... Bxf5 53. Kxf7) 53. Kg5 Nc4 54. Kxh5 Nxe5 55. Bc3 Nd3 56. Kg5 Nf2 {Hoping for ...Ne4+.} 57. Be1 Ne4+ 58. Kf4 Nf6 59. Kg5 Ne4+ 60. Kf4 f6 61. h5 Nc5 {aiming for ...Nd3+.} 62. h6 {And now h7 would win.} Nd3+ 63. Ke3 {Black must now prevent h7.} f4+ $2 {[%mdl 8192]} (63... Ne5 $11 64. h7 f4+ 65. Ke4 Ng6) 64. gxf4 $2 (64. Kxd3 $18 fxg3 65. Ke2 (65. Bxg3 Kxa5 66. Kd4 Bf5 $14)) 64... Bf5 65. Bc3 Nc5 {And White is the lucky defender. Accuracy: White = 65%, Black = 76%.} 1/2-1/2

[Event "47th GER-ch Blitz 2020"]
[Site "Magdeburg"]
[Date "2020.08.15"]
[Round "11.5"]
[White "Zelbel, Patrick"]
[Black "Holtel, Jasper"]
[Result "1-0"]
[WhiteElo "2448"]
[BlackElo "2305"]
[Annotator "TA"]
[PlyCount "65"]
[EventDate "2020.07.28"]
[EventType "tourn"]
[EventCountry "GER"]
[SourceTitle "playchess.com"]
[Source "ChessBase"]
[SourceQuality "1"]

{[%evp 17,65,38,49,22,46,45,53,49,61,21,17,14,128,129,184,183,181,180,193,190,193,193,193,193,193,183,181,151,147,124,145,142,162,168,172,175,264,224,391,397,414,414,775,760,872,852,1566,1498,2008,1980]} 1. e4 Nf6 2. e5 Nd5 3. d4 d6 4. c4 Nb6 5. exd6 cxd6 6. Nc3 g6 7. Be3 Bg7 8. Rc1 O-O 9. b3 Bf5 10. g4 {10.Be2 is setting a new trend. B03: Alekhine's Defence: Four Pawns Attack.} Bd7 11. Bg2 Nc6 12. d5 {White is slightly better.} Ne5 13. h3 f5 {[%cal Rf5g4]} 14. f4 Nf7 {[#]} (14... Nexc4 $11 15. bxc4 Nxc4) 15. g5 $1 $16 {[#]} e5 $146 (15... Re8 $16) ({Predecessor:} 15... Re8 16. Nge2 e5 17. dxe6 Rxe6 18. Bf2 Bc6 19. Nd5 Re8 20. O-O Nd7 21. Nec3 h6 {1-0 (37) Jakubowski,K (2510)-Movsziszian,K (2486) Porto Mannu 2019}) 16. dxe6 $1 $18 Bxe6 17. Nge2 ({Don't take} 17. Bxb7 $6 Rb8 $14) 17... Re8 {[#]} 18. Bd4 $1 ({Don't do} 18. Bxb7 $6 Rb8 $16) 18... d5 19. Bxg7 Kxg7 20. cxd5 Bd7 21. Qd4+ Kg8 22. O-O Nd6 23. Ng3 Qe7 24. Rfe1 Qxe1+ 25. Rxe1 Rxe1+ 26. Kf2 Rae8 (26... Re7 {was called for.} 27. h4 Rf8) 27. h4 $40 {[%mdl 128] Black is in trouble.} Rc1 $2 (27... Nbc8 28. h5 R1e7) 28. Qd2 Ra1 29. h5 Rc8 (29... Rae1 $142 30. Nge2 R1xe2+ 31. Nxe2 gxh5) 30. Nge2 {White is clearly winning.} Be8 31. Qb2 Nbc4 32. bxc4 Nxc4 33. Qxa1 {Accuracy: White = 95%, Black = 35%.} 1-0

[Event "47th GER-ch Blitz 2020"]
[Site "Magdeburg"]
[Date "2020.08.15"]
[Round "11.6"]
[White "Dobrikov, Marco"]
[Black "Voege, Tobias"]
[Result "1-0"]
[WhiteElo "2290"]
[BlackElo "2326"]
[Annotator "TA"]
[PlyCount "55"]
[EventDate "2020.07.28"]
[EventType "tourn"]
[EventCountry "GER"]
[SourceTitle "playchess.com"]
[Source "ChessBase"]
[SourceQuality "1"]

{[%evp 18,54,58,54,70,47,77,75,98,91,91,97,101,105,128,121,143,133,391,152,142,141,385,382,630,630,619,398,587,615,604,602,578,578,537,154,29997,29998,29999]} 1. e4 c5 2. Nf3 Nc6 3. d4 cxd4 4. Nxd4 g6 5. c4 Bg7 6. Be3 Nf6 7. Nc3 O-O 8. Be2 d6 9. O-O Nxd4 10. Bxd4 a5 {B38: Sicilian: Maroczy Bind with 5...Bg7 and 7...0-0.} 11. f4 Nd7 12. Kh1 Bxd4 {White is better.} 13. Qxd4 Qb6 {[#]} 14. Qd2 $1 {[#]} Nf6 $146 ({Predecessor:} 14... Nc5 15. f5 Qd8 16. Rf3 f6 17. Qh6 g5 18. Rh3 Rf7 19. Bh5 Qf8 20. Bxf7+ Qxf7 21. Rg3 Qg7 22. Qh5 Bd7 23. Qe2 Bc6 24. Nd5 Bxd5 25. exd5 Nd7 26. Qe6+ {1-0 (26) Rocha,A (1959)-Schucman,R (1746) Florianopolis 2017}) 15. Bf3 a4 16. e5 dxe5 17. fxe5 Ng4 $2 {[%mdl 8192]} (17... Nd7 $16) 18. Bxg4 $2 (18. Nd5 $18 {is the precise move to win.} Qd8 19. Bxg4 Bxg4 20. Qg5 {[%mdl 64] Double Attack}) 18... Bxg4 $16 19. Nd5 $1 $36 {[%csl LRb6,LRe7][%mdl 2048] Keeping Black busy.} Qc5 $2 (19... Qe6 $16 {keeps fighting.} 20. Qg5 Rae8) 20. Qg5 $1 $18 {[%csl LRe7,LRg4][%mdl 64] Double Attack} Qxc4 $2 (20... h5 21. Nxe7+ Kg7) 21. Nxe7+ Kg7 22. Qf6+ Kh6 23. Rf4 Qe6 {[#] intending ...Qxf6.} 24. Nf5+ $1 {[%mdl 512]} Qxf5 (24... Bxf5 25. Rh4#) 25. Rxf5 Bxf5 26. Rf1 $2 (26. Rd1 $18 {Threatening mate with Rd4.} Ra6 27. Rd6) 26... Be6 $2 (26... Ra6 $16 27. Qe7 {[%mdl 64] Double Attack} Kg7 28. Qxb7 Raa8) 27. Rf4 {[%cal Rf4h4]} Rfc8 28. Rh4# {Accuracy: White = 71%, Black = 44%.} 1-0

[Event "47th GER-ch Blitz 2020"]
[Site "Magdeburg"]
[Date "2020.08.15"]
[Round "11.7"]
[White "Frischmann, Rick"]
[Black "Weller, Manuel"]
[Result "1-0"]
[WhiteElo "2347"]
[BlackElo "2237"]
[Annotator "TA"]
[PlyCount "77"]
[EventDate "2020.07.28"]
[EventType "tourn"]
[EventCountry "GER"]
[SourceTitle "playchess.com"]
[Source "ChessBase"]
[SourceQuality "1"]

{[%evp 12,77,35,34,66,27,29,28,40,38,35,25,22,43,36,33,22,-113,64,27,31,30,51,29,32,32,88,42,40,52,49,26,19,21,328,330,576,566,530,351,314,226,214,216,218,212,203,202,238,186,187,187,162,182,236,179,177,155,299,277,343,325,826,777,1689,1670,1345,1274]} 1. e4 c6 2. d4 d5 3. e5 Bf5 4. Nf3 e6 5. Be2 c5 6. Be3 cxd4 {6...Qb6 gains popularity. Played by Maxime Vachier Lagrave in May 2020.} 7. Nxd4 {[#] Bb5+ is the strong threat.} Nc6 {B12: Caro-Kann: Advance Variation.} 8. Bb5 Nge7 9. O-O a6 {White has an edge.} 10. Bxc6+ $1 ({Much worse is} 10. Nxf5 Nxf5 11. Bxc6+ bxc6 $15) 10... bxc6 11. c4 Qd7 12. Nc3 dxc4 13. Na4 {And now Nb6 would win.} Nd5 {aiming for ...Bd3.} 14. Rc1 (14. Nxf5 $11 {keeps the balance.} exf5 15. Rc1) 14... c3 $2 ({Better is} 14... Bd3 $17 15. Re1 Nxe3 16. fxe3 Rb8) 15. Nxf5 exf5 16. Qc2 Be7 17. Nxc3 Nxe3 18. fxe3 {[#]} Bc5 $146 (18... g6 $14) ({Predecessor:} 18... Bg5 19. Rce1 g6 20. g4 fxg4 21. Ne4 Be7 22. Rd1 Qc8 23. e6 fxe6 24. Qc3 Rf8 25. Rxf8+ Bxf8 26. Qh8 {1-0 (26) Nepomniachtchi,I (2733)-Laznicka,V (2654) Heraklion 2017}) 19. Nd1 Ba7 $1 20. Qxf5 Qd5 21. Kh1 O-O 22. Nc3 $36 {[%mdl 2048] Black is under pressure.} Qd2 $2 {[%mdl 8192] Loses the game.} (22... Qe6 $1 $11) 23. Ne4 $1 $18 {[%csl LRc6,LRd2]} Qxe3 $2 (23... Qd5 {was worth a try.} 24. Ng5 g6) 24. Rc3 Qh6 25. Rh3 Qg6 {[#]} 26. Nf6+ $1 {[%mdl 512]} gxf6 27. Rg3 {[%mdl 64] Pin} fxe5 28. Rxg6+ hxg6 29. Qxe5 Rac8 30. h4 Bb8 31. Qf6 {Black must now prevent h5!} Rce8 32. Qxc6 Re6 (32... Bg3 $142 33. Qc4 (33. Qxa6 Re4 $18) 33... Re6) 33. Qc4 Be5 34. Re1 Kg7 (34... Rfe8 $16) 35. b4 Rh8 36. g3 Bxg3 $2 (36... Rh5 37. Kg2 Rf5) 37. Rxe6 {White is clearly winning.} Rxh4+ 38. Qxh4 Bxh4 39. Rxa6 {Accuracy: White = 69%, Black = 48%.} 1-0

[Event "47th GER-ch Blitz 2020"]
[Site "Magdeburg"]
[Date "2020.08.15"]
[Round "11.8"]
[White "Meier, Georg"]
[Black "Bluebaum, Matthias"]
[Result "1/2-1/2"]
[WhiteElo "2621"]
[BlackElo "2647"]
[Annotator "TA"]
[PlyCount "51"]
[EventDate "2020.07.28"]
[EventType "tourn"]
[EventCountry "GER"]
[SourceTitle "playchess.com"]
[Source "ChessBase"]
[SourceQuality "1"]

{[%evp 9,51,12,19,13,34,0,21,21,32,10,33,0,1,0,20,0,0,-10,0,0,0,-9,0,-11,13,0,0,-7,4,0,0,4,2,0,0,0,12,13,12,7,12,19,28,27]} 1. Nf3 d5 2. g3 Bg4 3. Bg2 e6 4. h3 Bh5 5. O-O Nf6 6. c4 {A07: Réti Opening: New York and Capablanca Systems.} c6 7. d3 Be7 8. Qb3 {The position is equal.} Qc8 9. Bf4 O-O 10. Nbd2 Nbd7 {[#]} 11. Rfe1 $146 ({Predecessor:} 11. Rac1 a5 12. Qc2 Re8 13. g4 Bg6 14. Nh4 e5 15. Bh2 d4 16. e3 dxe3 17. fxe3 {½-½ (110) Yui Pineda,G (2256)-Rivas Romero,G (2399) ICCF email 2009}) 11... Re8 12. Rac1 h6 13. Ne5 (13. a3 {is interesting.} Bg6 14. Qc3 a5 15. e4 dxe4 16. dxe4 Rd8 17. b4) 13... Nxe5 14. Bxe5 Nd7 15. Bc3 a5 (15... Nc5 $5 16. Qc2 $8 a5 $11) 16. Qc2 a4 17. b4 axb3 18. axb3 Bf6 19. Bxf6 Nxf6 20. Qb2 Qc7 21. Ra1 Rxa1 22. Qxa1 Qb6 23. Qa3 e5 24. b4 e4 {[#] White must now prevent ...e3.} 25. dxe4 dxe4 26. Nf1 {A rather calm draw. Accuracy: White = 88%, Black = 100%.} 1/2-1/2

[Event "47th GER-ch Blitz 2020"]
[Site "Magdeburg"]
[Date "2020.08.15"]
[Round "11.9"]
[White "Koch, Thomas"]
[Black "Braeuning, Rudolf Wilhelm"]
[Result "1-0"]
[WhiteElo "2461"]
[BlackElo "2244"]
[Annotator "TA"]
[PlyCount "91"]
[EventDate "2020.07.28"]
[EventType "tourn"]
[EventCountry "GER"]
[SourceTitle "playchess.com"]
[Source "ChessBase"]
[SourceQuality "1"]

{[%evp 13,91,37,28,0,47,-22,-16,-47,-48,-64,-60,-60,-60,-60,-60,-60,-58,-60,-63,-79,-39,-57,-57,-158,410,414,408,295,295,295,295,295,290,295,291,288,277,284,511,501,547,531,667,648,647,635,624,556,552,549,565,563,552,540,566,561,654,645,730,672,716,701,1439,1405,5731,784,1050,1039,1022,1019,975,935,1534,1299,2347,2004,29984,10493,29985,29986]} 1. d4 Nf6 2. c4 Nc6 3. Nf3 e6 4. g3 d5 5. Bg2 dxc4 6. Qa4 Bb4+ 7. Bd2 Nd5 8. O-O {E04: Open Catalan: 5 Nf3.} Rb8 {[#]} 9. e4 $146 (9. Qb5 $14) ({Predecessor:} 9. Qb5 Bxd2 10. Nbxd2 c3 11. bxc3 Nxc3 12. Qd3 Nxd4 13. Nxd4 Qxd4 14. Qc2 Nxe2+ 15. Kh1 Qc3 {0-1 (44) Duzhakov,I (2336)-Sanzhaev,D (2151) St Petersburg 2010}) 9... b5 $11 10. Qd1 {The position is equal.} Nf6 11. Bg5 h6 12. Bxf6 Qxf6 13. a3 $1 {[%cal Ra3b4]} Ba5 $1 14. a4 {[#] Black must now prevent axb5.} b4 15. Nbd2 Ba6 16. e5 Qe7 17. Qe2 O-O 18. Nxc4 (18. Rfd1 $15) 18... Nxd4 $2 {Now Black is done in.} (18... Bb6 $1 $17 {and life is bright. aiming for ...Na5.} 19. b3 Nxd4 20. Nxd4 Bxd4) 19. Nxd4 $18 Qc5 20. Nb3 Qxc4 ({Much worse is} 20... Bxc4 21. Qc2 (21. Nxc5 Bxe2 22. Rfe1 Bb6 $14)) 21. Qxc4 Bxc4 22. Nxa5 Bxf1 23. Kxf1 ({Don't take} 23. Bxf1 $6 Rbd8 $16) 23... c5 24. Rc1 Rbc8 25. Nc6 Kh7 $2 (25... Rc7 26. Rxc5 Rfc8) 26. Nxa7 Rcd8 27. Ke2 f6 28. Rxc5 b3 29. a5 Rd4 30. Nb5 Ra4 31. Nd6 fxe5 32. Be4+ Kg8 33. Bd3 Rd8 34. Nc4 Ra2 35. Rxe5 Rd4 36. Ke3 Rd5 37. Rxe6 Rdxa5 38. Nxa5 {[#] Bg6 would kill now.} Rxa5 {[%mdl 4096] Endgame KRB-KR} 39. Bc4 Kh7 40. Rb6 Re5+ 41. Kd2 Rc5 42. Kd3 Rc7 43. Bxb3 g5 44. Bd5 Rd7 45. Kd4 (45. Rb7 $142 Rxb7 46. Bxb7 Kg6 47. Be4+ Kf7 48. f4 Kg7 49. fxg5 hxg5 50. b4) 45... Rc7 46. Rb7 {Accuracy: White = 68%, Black = 47%.} 1-0

[Event "47th GER-ch Blitz 2020"]
[Site "Magdeburg"]
[Date "2020.08.15"]
[Round "11.10"]
[White "Svane, Rasmus"]
[Black "Muranyi, Karl-Jasmin"]
[Result "1-0"]
[WhiteElo "2613"]
[BlackElo "2331"]
[Annotator "TA"]
[PlyCount "83"]
[EventDate "2020.07.28"]
[EventType "tourn"]
[EventCountry "GER"]
[SourceTitle "playchess.com"]
[Source "ChessBase"]
[SourceQuality "1"]

{[%evp 11,83,14,8,4,8,2,5,13,33,28,40,34,38,23,25,23,12,12,14,32,38,38,65,15,89,47,36,17,9,9,48,55,49,41,45,38,46,48,97,52,50,54,57,27,70,50,54,41,42,32,52,38,31,-1,54,54,54,54,54,54,65,55,50,30,28,16,25,14,29,0,0,0,5716,4814]} 1. Nf3 Nf6 2. g3 d5 3. Bg2 c6 4. O-O Bf5 5. c4 e6 6. Qb3 Qb6 7. d3 {A11: English Opening: 1...c6.} Nbd7 8. cxd5 exd5 9. Qc2 {The position is equal.} Be7 (9... Qc5 $5 {[%cal Rc5c2]} 10. Na3 Bd6 $11) 10. Nc3 O-O 11. e4 Bg6 12. Be3 $36 {[%mdl 2048] White is more active.} Qa6 13. Nh4 dxe4 14. Nxg6 hxg6 15. dxe4 Rfd8 {[#]} 16. Rad1 $146 ({Predecessor:} 16. Rfd1 Ng4 17. Bd4 Nc5 18. Bf1 Qa5 19. Be2 Ne6 20. Bxa7 Qh5 21. Bxg4 Qxg4 22. Be3 Bg5 23. Bxg5 Nxg5 24. Rxd8+ Rxd8 25. Rd1 Nf3+ 26. Kg2 Nh4+ {½-½ (26) Kaid,A (2256)-Philipowski,R (2272) Bonn Roettgen 1999}) 16... Ng4 17. Bf4 {Hoping for Bc7.} Nf8 (17... Nge5 $11) 18. h3 Nf6 19. e5 N6d7 20. h4 Ne6 21. Bh3 $1 Ndf8 22. Bc1 Qc4 23. Qe4 Qxe4 24. Nxe4 Nc5 25. Nxc5 Bxc5 26. Kg2 a5 27. Bg5 Re8 28. Rfe1 Ne6 29. Bxe6 Rxe6 30. Rd7 b6 31. Bf4 f6 32. Rc7 Rae8 (32... Bd4 $11) 33. exf6 $14 gxf6 34. Rxe6 Rxe6 {[%mdl 4096] Endgame KRB-KRB} 35. Kf3 Bd4 36. b3 c5 37. g4 Re1 $1 38. h5 gxh5 39. gxh5 Rf1 40. h6 Rxf2+ 41. Kg3 Rxf4 $2 {[%mdl 8192] [#]} (41... Rxa2 $11 42. Rc8+ Kh7) 42. Rg7+ {Accuracy: White = 80%, Black = 75%.} 1-0

[Event "47th GER-ch Blitz 2020"]
[Site "Magdeburg"]
[Date "2020.08.15"]
[Round "11.11"]
[White "Reichmann, Hendrik"]
[Black "Krause, Benedict"]
[Result "0-1"]
[WhiteElo "2348"]
[BlackElo "2425"]
[Annotator "TA"]
[PlyCount "66"]
[EventDate "2020.07.28"]
[EventType "tourn"]
[EventCountry "GER"]
[SourceTitle "playchess.com"]
[Source "ChessBase"]
[SourceQuality "1"]

{[%evp 9,66,0,12,12,14,6,14,13,33,27,36,7,8,10,6,0,19,18,18,9,10,0,39,0,1,0,8,-15,0,-7,0,-52,-38,-129,-123,-124,-131,-127,-121,-207,-144,-233,-129,-158,-77,-250,-250,-358,-316,-300,-276,-268,-258,-258,-263,-262,-255,-1181,-1166]} 1. d4 Nf6 2. Bf4 d5 3. e3 c5 4. c3 Nc6 5. Nd2 cxd4 6. exd4 {D00: 1 d4 d5: Unusual lines.} Bf5 7. Ngf3 e6 8. Qb3 {The position is equal.} Qc8 9. Nh4 Be4 10. f3 Bg6 11. Nxg6 hxg6 12. g4 Be7 13. Bd3 a6 14. h4 b5 15. Qc2 {[#]} Na5 $146 ({Predecessor:} 15... Qd7 16. Nb3 b4 17. Qe2 Bd6 18. Qh2 g5 19. Bxd6 Rxh4 20. Qg2 Qxd6 21. O-O-O bxc3 22. bxc3 {0-1 (41) Koellner,C (2137)-Olsen,F (2359) Schwaebisch Gmuend 2019}) 16. a4 b4 17. Rc1 bxc3 18. bxc3 Qc6 19. Kf2 Rc8 20. Be5 (20. Kg2 $11) 20... Bd6 $15 21. Bxg6 ({White should play} 21. Bg3 $15) 21... Bxe5 $17 22. dxe5 Nd7 23. Bd3 Nxe5 24. Be2 (24. Kg2 $17) 24... Qc5+ 25. Kg3 (25. Kg2 $17) 25... Nac4 (25... Qd6 $19 {aiming for ...Nd3+.} 26. Kf2 O-O) 26. Bxc4 Nxc4 (26... dxc4 $142 27. Ne4 Qc7) 27. Nb3 $2 {[#] This costs White the game.} (27. Nxc4 $17 Qxc4 28. h5) 27... Qd6+ 28. Kf2 (28. f4 $142) 28... Qf4 29. Qe2 Rb8 30. Nd4 Rb2 31. Rc2 Rxc2 32. Nxc2 O-O 33. Nd4 $2 {[#]} (33. Nb4) 33... Rb8 {Accuracy: White = 43%, Black = 75%.} 0-1

[Event "47th GER-ch Blitz 2020"]
[Site "Magdeburg"]
[Date "2020.08.15"]
[Round "11.12"]
[White "Svane, Frederik"]
[Black "Stein, Robert"]
[Result "1/2-1/2"]
[WhiteElo "2421"]
[BlackElo "2325"]
[Annotator "TA"]
[PlyCount "105"]
[EventDate "2020.07.28"]
[EventType "tourn"]
[EventCountry "GER"]
[SourceTitle "playchess.com"]
[Source "ChessBase"]
[SourceQuality "1"]

{[%evp 16,105,6,0,20,16,25,21,22,17,18,14,27,18,19,18,39,37,41,40,83,83,82,92,87,81,102,38,42,33,81,27,43,0,67,63,105,105,114,109,129,143,210,128,127,128,167,165,181,132,124,128,129,82,127,33,29,38,26,26,26,31,30,28,24,0,0,0,0,0,0,0,0,0,0,0,0,0,0,0,0,0,0,0,0,-217,0,0,0,0,0,-17]} 1. e4 e5 2. Nf3 Nc6 3. Bb5 a6 4. Ba4 Nf6 5. O-O Be7 6. d3 b5 7. Bb3 d6 8. a3 O-O 9. Nc3 Na5 $1 {[%mdl 4] is now more promising than 9...Bg4. C77: Ruy Lopez: 3...a6 4 Ba4 Nf6, unusual lines.} 10. Ba2 Be6 11. b4 Bxa2 12. Rxa2 Nc6 13. Bg5 a5 (13... h6 14. Bxf6 Bxf6 15. Nd5 Bg5 16. a4 Ne7 17. c4 c6 18. Nc3 bxc4 19. dxc4 Qc7 20. Nxg5 hxg5 21. Qd2 f6 {0-1 (45) Svane,F (2342)-Stein,R (2318) Magdeburg 2019}) 14. Rb2 axb4 15. axb4 {[#]} Rb8 $146 ({Predecessor:} 15... Qb8 16. Bxf6 Bxf6 17. Nd5 Bd8 18. c4 Ne7 19. Qc2 c6 20. Ne3 Bb6 21. c5 dxc5 22. bxc5 {1-0 (50) Liyanage,R (2181)-Khusenkhojaev,M (2255) chess.com INT 2020}) 16. Bxf6 Bxf6 17. Nd5 Ne7 {White must now prevent ...Nxd5.} 18. Nxf6+ gxf6 19. Nh4 Qd7 20. Qh5 d5 21. exd5 (21. Rb3 $16) 21... Qxd5 $14 22. Rb3 Kh8 23. Qh6 (23. Rc3 $16) 23... Ng8 $11 24. Qh5 Ne7 $1 25. Rc3 c6 26. Nf5 $1 {[%cal Rf5e7]} Rg8 {[%csl Gg8][%cal Rd5g2] [#]} 27. g3 $1 Nxf5 28. Qxf5 Rg6 (28... Qd6 $16 {is a better defense.} 29. Qf3 Rb6) 29. Qe4 Qxe4 30. dxe4 $16 {[%mdl 4096] Endgame KRR-KRR} f5 31. exf5 Rd6 32. Ra1 Kg7 33. Ra6 Rc8 34. Kg2 Kf6 35. Ra7 ({White should play} 35. Rb6 $16) 35... Rd4 $14 36. Rd3 Rxd3 37. cxd3 {KR-KR} Rd8 38. Rc7 Rd4 39. Rxc6+ Kxf5 40. Rc5 Rxb4 41. Kf3 f6 42. Ke3 h5 43. h3 Rb2 44. d4 Rb3+ 45. Ke2 Ke4 46. dxe5 fxe5 47. Rc8 Rb2+ 48. Kf1 b4 49. Kg2 b3 {aiming for ...Rc2.} 50. Rc3 $2 {[#]} (50. Rb8 $11) 50... Kf5 $2 (50... Kd4 $1 $19 {[%cal Rd4c3]} 51. Re3 Kc4 52. Re4+ Kc3 53. Rxe5 Ra2 54. Rxh5 b2) 51. Rf3+ {The position is equal.} Kg5 52. Re3 Kf5 53. Rf3+ {White really could win this. Accuracy: White = 77%, Black = 79%.} 1/2-1/2